000 00561nam a2200205Ia 4500
008 220216s9999 xx 000 0 und d
100 _aYunqiang Zhang
245 0 _aIdentification of pathogenic fungi of rubber white root disease
260 _bChinese Journal of Tropical Crops
_c1992
300 _a70
650 _aHevea brasiliensis
650 _aIdentification
650 _aPathogenic fungi
650 _aWhite root rot
700 _aBingtang Cai
700 _aHuiqiang Zhang
700 _aShiqiang Zhou
700 _aZhuotong Yu
942 _cJS
999 _c60637
_d60637